Organic Chemistry 1 for dummies / (رقم التسجيلة. 32542)
[ عرض عادي ]
| 000 -الفاتح | |
|---|---|
| حقل البيانات ثابتة الطول | 01335cam a22003617a 4500 |
| 001 - رقم الضبط | |
| رقم الضبط | 13884944 |
| 003 - محدد رقم الضبط | |
| رقم الضبط | OSt |
| 005 - وقت وتاريخ اخر تعامل مع التسجيلة | |
| رقم الضبط | 20150408114157.0 |
| 008 - عناصر البيانات ثابتة الطول - معلومات عامة | |
| حقل البيانات ثابتة الطول | 050228s2005 njua d 001 0 eng d |
| 010 ## - رقم ضبط مكتبة الكونجرس | |
| رقم ضبط مكتبة الكونجرس | 2005923194 |
| 015 ## - رقم الببليوجرافية الوطنية | |
| رقم الببليوجرافية الوطنية | GBA533435 |
| المصدر | bnb |
| 016 7# - رقم ضبط الوكاله الوطنية للضبط الببليوجرافي | |
| رقم ضبط التسجيلة | 013180046 |
| المصدر | Uk |
| 020 ## - الرقم الدولى المعيارى للكتب | |
| الرقم الدولى المعيارى للكتاب | 0764569023 (pbk.) |
| 035 ## - رقم ضبط النظام | |
| رقم ضبط النظام | (OCoLC)ocm59353819 |
| 040 ## - مصدر الفهرسة | |
| وكالة الفهرسة الأصلية | UKM |
| وكالة النسخ | UKM |
| وكالة التعديل | BAKER |
| -- | DLC |
| 042 ## - رمز التحقق | |
| رمز التحقق | lccopycat |
| 050 00 - رقم طلب مكتبة الكونجرس | |
| رقم التصنيف | QD257 |
| رقم المادة | .W56 2005 |
| 082 04 - رقم تصنيف ديوى العشرى | |
| رقم التصنيف | 547 |
| رقم الطبعة | 22 |
| رقم المادة | WAO |
| 100 1# - المدخل الرئيسى - إسم شخصى | |
| الإسم الشخصى | Winter, Arthur, |
| التواريخ المصاحبة للاسم | 1981- |
| 9 (RLIN) | 40857 |
| 245 10 - بيان العنوان | |
| العنوان | Organic Chemistry 1 for dummies / |
| بيان المسئوليه,etc | by Arthur Winter. |
| 260 ## - PUBLICATION, DISTRIBUTION, ETC. (IMPRINT) | |
| مكان الناشر او الموزع | Hoboken, N.J. : |
| اسم الناشر او الموزع | Wiley, |
| تاريخ النشر أو التوزيع | c2005. |
| 300 ## - الوصف المادى | |
| التعداد | xvi, 388 p. : |
| تفاصيل ماديه اخرى للوعاء | ill. ; |
| أبعاد الوعاء | 24 cm. |
| 440 #0 - بيان السلسلة/مدخل إضافى-العنوان | |
| العنوان | --For dummies |
| 9 (RLIN) | 8976 |
| 500 ## - تبصرة عامة | |
| تبصرة عامة | Includes index. |
| 650 #0 - المدخل الاضافى بالموضوع-مصطلح موضوعى | |
| مصطلح موضوعي أو اسم جغرافي كعنصر مدخل | Chemistry, Organic |
| التقسيم الفرعي الشكلي | Problems, exercises, etc. |
| 9 (RLIN) | 19191 |
| 650 #0 - المدخل الاضافى بالموضوع-مصطلح موضوعى | |
| مصطلح موضوعي أو اسم جغرافي كعنصر مدخل | Chemistry, Organic. |
| 856 42 - الوصول و الموقع الالكترونى | |
| مواد محددة | Contributor biographical information |
| معرف المصدر الموحد | <a href="http://www.loc.gov/catdir/enhancements/fy0628/2005923194-b.html">http://www.loc.gov/catdir/enhancements/fy0628/2005923194-b.html</a> |
| 856 42 - الوصول و الموقع الالكترونى | |
| مواد محددة | Publisher description |
| معرف المصدر الموحد | <a href="http://www.loc.gov/catdir/enhancements/fy0628/2005923194-d.html">http://www.loc.gov/catdir/enhancements/fy0628/2005923194-d.html</a> |
| 856 41 - الوصول و الموقع الالكترونى | |
| مواد محددة | Table of contents only |
| معرف المصدر الموحد | <a href="http://www.loc.gov/catdir/enhancements/fy0628/2005923194-t.html">http://www.loc.gov/catdir/enhancements/fy0628/2005923194-t.html</a> |
| 906 ## - عنصر بيانات محلى F, LDF (RLIN) | |
| a | 7 |
| b | cbc |
| c | copycat |
| d | 2 |
| e | ncip |
| f | 20 |
| g | y-gencatlg |
| 942 ## - عناصر المدخل الإضافي( كوها) | |
| مصدر التصنيف او مخطط الترفيف | Dewey Decimal Classification |
| Koha [default] item type | كتاب |
| حالة الفقد | نموذج السعر الفعال | حالة تلف | ليس للاعارة | رقم الطلب | تاريخ الاكتساب | الموقع الحالي | الباركود | الفرع الرئيسي | Date last seen | نوع المادة فى نظام كوها | مصدر التصنيف او خطة الترفيف | Total Checkouts |
|---|---|---|---|---|---|---|---|---|---|---|---|---|
| 2013-12-12 | 547 WAO | 2013-12-12 | المكتبة المركزية بالمجمعة (CL) | 00452643 | المكتبة المركزية بالمجمعة (CL) | 2013-12-12 | كتاب | Dewey Decimal Classification | ||||
| 2013-12-12 | 547 WAO | 2013-12-12 | المكتبة المركزية بالمجمعة (CL) | 00452644 | المكتبة المركزية بالمجمعة (CL) | 2013-12-12 | كتاب | Dewey Decimal Classification | ||||
| 2013-12-12 | 547 WAO | 2013-12-12 | المكتبة المركزية بالمجمعة (CL) | 00452645 | المكتبة المركزية بالمجمعة (CL) | 2013-12-12 | كتاب | Dewey Decimal Classification | ||||
| 2013-12-12 | 547 WAO | 2013-12-12 | مكتبة مجمع الكليات بالزلفى - طلاب (SZM) | 00452646 | مكتبة مجمع الكليات بالزلفى - طلاب (SZM) | 2013-12-12 | كتاب | Dewey Decimal Classification | ||||
| 2013-12-12 | 547 WAO | 2013-12-12 | مكتبة مجمع الكليات بالزلفى - طلاب (SZM) | 00452647 | مكتبة مجمع الكليات بالزلفى - طلاب (SZM) | 2013-12-12 | كتاب | Dewey Decimal Classification | ||||
| 2013-12-12 | 547 WAO | 2013-12-12 | مكتبة مجمع الكليات بالزلفى - طلاب (SZM) | 00452648 | مكتبة مجمع الكليات بالزلفى - طلاب (SZM) | 2013-12-12 | كتاب | Dewey Decimal Classification |
